Регионална библиотека "Любен Каравелов" - Русе

Чудотворни икони на Пресвета Богородица (Запис номер 83142)

MARC детайли
000 -Лидер
Контролно поле с фиксирана дължина 02321nam a2200421 c 4500
003 - Код на организацията, давaща контролен номер
Контролно поле BLK
005 - Дата и час на последна редакция
Контролно поле 20180420224726.0
008 - Елементи от данни с фиксирана дължина
fixed length control field 180408b bul|||||r ||||||| ||bul||
010 ## - Наследен системен номер
LC control number KNG00087685000
020 ## - Международен стандартен номер на книга ISBN
Международен стандартен номер на книга ISBN 954-770-193-2
-- издат.: Славянобълг. манастир Св. Вмчк Георги Зограф
040 ## - Източник на каталожния запис
Идентификатор на билиотеката - собственик на записа BLK
041 ## - Код за език
Код за езика на текст/звукозапис или на отделно заглавие Български
Код за езика КДБФ Български
080 ## - УДК
Текстов определител УДК Иконопочитание
УДК код - определител по УДК 246.3
УДК определител (497+470)
УДК - код + определител 246.3(497+470)
080 ## - УДК
Текстов определител УДК Христология - Иисус Христос. Светото семейство. Дева Мария (Богородица). Йоан Кръстител
УДК код - определител по УДК 232
УДК определител (092)
УДК - код + определител 232(092)
080 ## - УДК
Текстов определител УДК Мария, майката на Иисус Христос и съпруга на дърводелеца Йосиф. Известна като като Дева Мария, Светата Майка, Мадона и други. Най-почитаната светица в православието, католицизма и исляма
УДК код - определител по УДК 929 Богородица, пресвета
УДК определител
УДК - код + определител 929 Богородица, пресвета
139 ## - Редно поле
Редна дума Чудотворни икони на Пресвета Богородица
Авторски знак Бого - Б 55
245 10 - Сведения за заглавието
Заглавие Чудотворни икони на Пресвета Богородица
Подзаглавни данни Сказания за по-известните атонски и руски чудотворни икони и албум с 97 чудотворни икони на Пресвета Богородица
257 ## - Страна на издаване
Страна на създаване/издаване България
260 ## - Област на издателските данни
-- Света гора, Атон
Име на издателя, разпространителя и проч. Славянобълг. манастир Св. Вмчк Георги Зограф
Година на издаване 2006
300 ## - Физическа характеристика
Страници 466 с.
Илюстрации и др. с ил.
Размери/Мащаб 24 см
380 ## - Жанр
Жанр Религия. Теология
500 ## - Общи забележки
Забележка Без сведение за ориг. загл.
600 14 - Име на лице, използвано като предмет
За него / За нея Богородица, пресвета
9 (RLIN) 221801
650 #4 - Допълнително описание по предмет – тема
Основно описание – тема или топоним Икони - Атонски манастири
9 (RLIN) 284099
650 #4 - Допълнително описание по предмет – тема
Основно описание – тема или топоним Икони, руски
9 (RLIN) 291982
650 #4 - Допълнително описание по предмет – тема
Основно описание – тема или топоним Богородица, пресвета
9 (RLIN) 221801
650 #4 - Допълнително описание по предмет – тема
Основно описание – тема или топоним Светци
9 (RLIN) 244581
653 ## - Ключова дума – ненормативна
Ключова дума икони
653 ## - Ключова дума – ненормативна
Ключова дума Русия
653 ## - Ключова дума – ненормативна
Ключова дума Атон
653 ## - Ключова дума – ненормативна
Ключова дума пресвета Богородица
653 ## - Ключова дума – ненормативна
Ключова дума светци
852 ## - Местоположение
Форматна сигнатура Цб 242724
856 4# - Електронен адрес и достъп
Електронен формат pdf - файл
Път до файла /url/
856 4# - Електронен адрес и достъп
Електронен формат pdf - файл
Път до файла /url/
942 ## - АРТИКУЛИ
Вид на библиотечния материал Книги
Скрит в OPAC Не
944 ## - СЪЗДАВАНЕ И РЕДАКЦИЯ на ЗАПИСА
Създаване/Редакция Създаване
Дата на регистрацията/редакция 06.02.2009
Служител, извършил регистрацията/редакцията Валя_Йорданова
944 ## - СЪЗДАВАНЕ И РЕДАКЦИЯ на ЗАПИСА
Създаване/Редакция Редакция
Дата на регистрацията/редакция 05.10.2009
Служител, извършил регистрацията/редакцията
999 ## - СИСТЕМНИ КОНТРОЛНИ НОМЕРА
Koha biblionumber 83142
Koha biblioitemnumber 83142
Наличности
Код за отписване Код за изгубен артикул Код за повреда Коз за рестрикции Код за отдаване Артикулен № Име на библиотеката - собственик Име на библиотеката, в която се намира в момента Статус (Текущо местоположение) Дата на вписване в системата Местоположение - отдел Цена в лева Инвентарен номер Систематично азбучна сигнатура Баркод Номер на екземпляра Цена в евро Служебна бележка Служебен тип на артикула
  Не е изгубен Не е повреден без рестрикции ползва се в читалня 135174 Регионална библиотека "Любен Каравелов" Русе Регионална библиотека "Любен Каравелов" Русе Хранилище 2009-02-03 Хранилище 14.00 120000733391 Цб 242724 120000733391 1 7.16 Дост: Dp Вид: Д N: 36 Дата: 20.08.2008 Книги
Vip Innovations Ltd, Rousse, Bulgaria 2025